The New World species of Cerodontha (Xenophytomyza) Frey (Diptera:Agromyzidae) /

Bibliographic Details
Main Author: Boucher, Stéphanie
Format: Book
Language:English
Published: Auckland, N.Z. : Magnolia Press, 2003.
Series:Zootaxa. 178.
Subjects:

MARC

Tag First Indicator Second Indicator Subfields
LEADER 00000cam a2200000Ma 4500
001 in00001834591
005 20151026053504.0
008 030428s2003 nz ab b 000 0 eng d
020 |c $7.15 (pbk.) 
035 |a (OCoLC)ocm53514023 
040 |a UBY  |c UBY  |d TXA  |d UtOrBLW 
043 |a n------  |a nwjm--- 
049 |a TXAM 
082 0 4 |a 595.774  |2 21 
090 |a QL351  |b .Z75 no.178 
100 1 |a Boucher, Stéphanie. 
245 1 4 |a The New World species of Cerodontha (Xenophytomyza) Frey (Diptera:Agromyzidae) /  |c Stéphanie Boucher. 
246 1 7 |a New World Cerodontha 
264 1 |a Auckland, N.Z. :  |b Magnolia Press,  |c 2003. 
300 |a 8 pages :  |b illustrations, maps ;  |c 30 cm. 
336 |a text  |b txt  |2 rdacontent 
337 |a unmediated  |b n  |2 rdamedia 
338 |a volume  |b nc  |2 rdacarrier 
490 1 |a Zootaxa,  |x 1175-5326 ;  |v 178 
500 |a Cover title. 
504 |a Includes bibliographical references (page 8). 
650 0 |a Agromyzidae  |z North America  |v Classification. 
650 0 |a Agromyzidae  |z North America  |v Identification. 
650 0 |a Agromyzidae  |z Jamaica  |v Classification. 
650 0 |a Agromyzidae  |z Jamaica  |v Identification. 
830 0 |a Zootaxa.  |x 1175-5326 ;  |v 178. 
948 |a cataloged  |b h  |c 2004/4/5  |d c  |e blrosas  |f 12:05:43 pm 
994 |a E0  |b TXA 
999 |a MARS 
999 f f |s 152bb1aa-db96-344d-af4a-4bf5fbe40b08  |i 3bd6898a-e84a-3137-a628-5c6046a0bc20  |t 0 
952 f f |p ric  |a Texas A&M University  |b Rellis Campus  |c Joint Library Facility  |d Remote Storage  |t 0  |e QL351 .Z75 no.178  |h Library of Congress classification  |i unmediated -- volume  |m A14831103163 
998 f f |a QL351 .Z75 no.178  |t 0  |l Remote Storage